LEADER 00505naa a2200145 i 4500 001 000000301937 003 CaOOAMICUS 005 20180831172731.0 008 180831n xx u000 u und u 013 $a9670 040 $aSeMil$bita 100 1 $aPazitka, Mikulįs.$0(OLS)http://semarc/name/86699 245 10$aProfilo di un'anima :$bLeopardi in Cecoslovacchia. 773 0 $tLeopardi nella critica internazionale.$w()35784 996 $6245$aProfilo di un'anima :$bLeopardi in Cecoslovacchia$9(OLS)http://semarc/title/377922 LEADER 00971nam a2200253 i 4500 001 000000160095 003 CaOOAMICUS 005 20070312000000.0 008 070312s1984 it u000 u ita u 013 $a137458 040 $aSeMil$bita 100 1 $aForte, Francesco.$0(OLS)http://semarc/name/10785 245 10$aOltre questa Europa /$cFrancesco Forte. 260 $aMilano :$bRusconi,$c1984. 300 $a280 p. ;$c22 cm. 500 $aContiene : Appendice. - Fondo Card. Giovanni Colombo. 650 4$aEuropa - Unificazione.$0(OLS)http://semarc/subject/10257 650 4$aComunitą Economica Europea - Economia.$0(OLS)http://semarc/subject/17309 850 $aSeMil 852 $aSeMil$W1$xVenegono$y1$m3N III 778$j270941$B111573$CSeMilBibl$Z2$F121457 $81 941 1 $a3 961 $aLascito: Colombo Card. Giovanni 996 $6245$aOltre questa Europa$9(OLS)http://semarc/title/142479 996 $6260$aMilano :$bRusconi$9(OLS)http://semarc/publisher/30258